|
|
|
|
| LEADER |
02771nam a22005295i 4500 |
| 001 |
978-1-4020-2219-7 |
| 003 |
DE-He213 |
| 005 |
20151204153415.0 |
| 007 |
cr nn 008mamaa |
| 008 |
100301s2005 ne | s |||| 0|eng d |
| 020 |
|
|
|a 9781402022197
|9 978-1-4020-2219-7
|
| 024 |
7 |
|
|a 10.1007/1-4020-2219-0
|2 doi
|
| 040 |
|
|
|d GrThAP
|
| 050 |
|
4 |
|a QH301-705
|
| 072 |
|
7 |
|a PSA
|2 bicssc
|
| 072 |
|
7 |
|a SCI086000
|2 bisacsh
|
| 082 |
0 |
4 |
|a 570
|2 23
|
| 245 |
1 |
4 |
|a The Nature of Biological Systems as Revealed by Thermal Methods
|h [electronic resource] /
|c edited by Dénes Lörinczy.
|
| 264 |
|
1 |
|a Dordrecht :
|b Springer Netherlands,
|c 2005.
|
| 300 |
|
|
|a IX, 353 p. 9 illus. in color.
|b online resource.
|
| 336 |
|
|
|a text
|b txt
|2 rdacontent
|
| 337 |
|
|
|a computer
|b c
|2 rdamedia
|
| 338 |
|
|
|a online resource
|b cr
|2 rdacarrier
|
| 347 |
|
|
|a text file
|b PDF
|2 rda
|
| 490 |
1 |
|
|a Hot Topics in Thermal Analysis and Calorimetry,
|x 1571-3105 ;
|v 5
|
| 505 |
0 |
|
|a Order-disorder conformational transitions of carbohydrate polymers -- Thermal analyses and combined techniques in food physical chemistry -- Recrystallisation of starch studied with MDSC -- Calorimetric information about food and food constituents -- Using DSC for monitoring protein conformation stability and effects on fat droplets crystallinity in complex food emulsions -- Structural and functional studies of muscle proteins by using differential scanning calorimetry -- Effect of nucleotides and environmental factors on the intermediate states of ATP hydrolysis cycle in skeletal muscle fibres -- Thermal investigation on whole plants and plant tissues -- Thermobiochemical studies of animal cell systems in vitro -- Thermal investigations on social insects -- DSC examination of the musculosceletal system -- Quantitative thermal analysis of carbohydrate-water systems -- Statistical mechanical analysis of protein heat capacity accompanied with thermal transition.
|
| 650 |
|
0 |
|a Life sciences.
|
| 650 |
|
0 |
|a Food
|x Biotechnology.
|
| 650 |
|
0 |
|a Physical chemistry.
|
| 650 |
|
0 |
|a Biochemistry.
|
| 650 |
|
0 |
|a Plant physiology.
|
| 650 |
|
0 |
|a Animal physiology.
|
| 650 |
1 |
4 |
|a Life Sciences.
|
| 650 |
2 |
4 |
|a Life Sciences, general.
|
| 650 |
2 |
4 |
|a Physical Chemistry.
|
| 650 |
2 |
4 |
|a Food Science.
|
| 650 |
2 |
4 |
|a Biochemistry, general.
|
| 650 |
2 |
4 |
|a Plant Physiology.
|
| 650 |
2 |
4 |
|a Animal Physiology.
|
| 700 |
1 |
|
|a Lörinczy, Dénes.
|e editor.
|
| 710 |
2 |
|
|a SpringerLink (Online service)
|
| 773 |
0 |
|
|t Springer eBooks
|
| 776 |
0 |
8 |
|i Printed edition:
|z 9781402022180
|
| 830 |
|
0 |
|a Hot Topics in Thermal Analysis and Calorimetry,
|x 1571-3105 ;
|v 5
|
| 856 |
4 |
0 |
|u http://dx.doi.org/10.1007/1-4020-2219-0
|z Full Text via HEAL-Link
|
| 912 |
|
|
|a ZDB-2-CMS
|
| 950 |
|
|
|a Chemistry and Materials Science (Springer-11644)
|